000 00814nam a2200253Ia 4500
003 GCL
008 140319s9999 xx 000 0 ara d
040 _aGCL /
_cGCL
082 0 4 _a712
_bم ت
100 1 _aمحمد حماد
245 1 0 _aتكنولوجيا الرسم المعمارى والاخراج /
_cمحمد حماد
260 _a[S.N] :
_bمكتبة ومطبعة النهضة ،
_c1981
300 _a292 ص
490 _aالمكتبة العربية الفنية
_v0
650 0 4 _aالرسم المنظور
650 0 4 _aالتصميم الانشائى
650 0 4 _aالرسم الهندسى
650 0 4 _aالعمارة
650 0 4 _aالرسم المعمارى
650 0 4 _aالتصميمات المعمارية
650 0 4 _aالرسم
650 0 4 _aالعائد
942 _2ddc
_cBK
999 _c28643
_d28643